[Event "BCF-chT2 2324 (4NCL)"]
[Site "England"]
[Date "2024.01.13"]
[Round "3.3"]
[White "Navarro Cia, Miguel"]
[Black "Shephard, Chris CW"]
[Result "0-1"]
[WhiteElo "2239"]
[BlackElo "2153"]
[PlyCount "106"]
[EventDate "2023.11.11"]
[EventType "team-tourn"]
[EventRounds "11"]
[EventCountry "ENG"]
[SourceTitle "CB11_2024"]
[SourceDate "2024.03.13"]
[SourceVersion "1"]
[SourceVersionDate "2024.03.13"]
[SourceQuality "1"]
[WhiteTeam "Barbican"]
[BlackTeam "Warwicks Select"]
[WhiteTeamCountry "ENG"]
[BlackTeamCountry "ENG"]

1. d4 Nf6 2. Bg5 Ne4 3. Bf4 c5 4. f3 Qa5+ 5. c3 Nf6 6. Nd2 cxd4 7. Nb3 Qd8 8. Bxb8 Rxb8 9. Qxd4 a6 10. Qa7 Qc7 11. e4 Kd8 12. 0-0-0 b6 13. Qxc7+ Kxc7 14. e5 Ne8 15. Nh3 h6 16. Bc4 e6 17. Rhe1 d6 18. f4 Be7 19. Nf2 g6 20. Be2 Bb7 21. g3 Rd8 22. Nd4 Ng7 23. Bg4 dxe5 24. fxe5 h5 25. Bh3 Nf5 26. Kc2 Bc5 27. Bxf5 gxf5 28. b4 Bxd4 29. Rxd4 Rxd4 30. cxd4 h4 31. Kd2 hxg3 32. hxg3 Rh2 33. Rc1+ Kd7 34. Ke3 Rg2 35. Rc2 Rxg3+ 36. Kf4 Rg1 37. a4 Ra1 38. a5 bxa5 39. Nd3 Bd5 40. Nc5+ Ke7 41. Nxa6 a4 42. Rc7+ Kf8 43. Nc5 Rf1+ 44. Kg5 Rg1+ 45. Kf4 Rg4+ 46. Ke3 f4+ 47. Kd3 Rg3+ 48. Kd2 a3 49. Nd7+ Kg7 50. Nf6 a2 51. Ra7 Rg1 52. Nxd5 exd5 53. e6 a1Q 0-1

[Event "ENG-ch Seniors 65"]
[Site "Leamington Spa"]
[Date "2023.05.07"]
[Round "6"]
[White "Shephard, Chris CW"]
[Black "Hutchinson, Paul A"]
[Result "1/2-1/2"]
[WhiteElo "2189"]
[BlackElo "2005"]
[PlyCount "111"]
[EventDate "2023.05.04"]
[EventType "swiss"]
[EventRounds "7"]
[EventCountry "ENG"]
[SourceTitle "CBM 214 Extra"]
[Source "ChessBase"]
[SourceDate "2023.07.31"]
[SourceVersion "1"]
[SourceVersionDate "2023.07.31"]
[SourceQuality "1"]

1. c4 e6 2. Nf3 d5 3. g3 c6 4. b3 d4 5. Bb2 c5 6. b4 f6 7. d3 e5 8. bxc5 Bxc5 9. Bg2 Nc6 10. 0-0 Nge7 11. Nbd2 Ng6 12. Nb3 Be7 13. e3 dxe3 14. fxe3 Be6 15. Qe2 Na5 16. Nfd2 Nxb3 17. axb3 Qb6 18. Ba3 0-0 19. Kh1 Bxa3 20. Rxa3 Bd7 21. b4 Bc6 22. b5 Bxg2+ 23. Kxg2 f5 24. Kh1 a6 25. bxa6 bxa6 26. Rb3 Qd6 27. Rc1 Rac8 28. Rbc3 Qc6+ 29. Qg2 Ne7 30. Qxc6 Nxc6 31. Ra1 a5 32. Nb3 f4 33. gxf4 exf4 34. exf4 Rxf4 35. Rc2 Rd8 36. d4 Rc8 37. Rd2 Rd8 38. c5 Rf3 39. d5 Rxb3 40. dxc6 Rc8 41. Rxa5 Rf3 42. Ra7 Rxc6 43. Rd8+ Rf8 44. Rxf8+ Kxf8 45. Ra5 Kf7 46. Kg2 Rf6 47. Ra7+ Kg6 48. Ra2 Rc6 49. Rc2 Rc7 50. Kf3 Kf5 51. Rc4 Ke5 52. Rh4 g6 53. Rc4 Kd5 54. Rc1 Rxc5 55. Rxc5+ Kxc5 56. Kf4 1/2-1/2

[Event "ENG-ch Seniors 65"]
[Site "Leamington Spa"]
[Date "2023.05.06"]
[Round "4"]
[White "Shephard, Chris CW"]
[Black "De Coverly, Roger D"]
[Result "0-1"]
[WhiteElo "2189"]
[BlackElo "1945"]
[PlyCount "46"]
[EventDate "2023.05.04"]
[EventType "swiss"]
[EventRounds "7"]
[EventCountry "ENG"]
[SourceTitle "CBM 214 Extra"]
[Source "ChessBase"]
[SourceDate "2023.07.31"]
[SourceVersion "1"]
[SourceVersionDate "2023.07.31"]
[SourceQuality "1"]

1. e4 e5 2. Nf3 Nc6 3. d4 exd4 4. Bc4 Nf6 5. e5 Ng4 6. 0-0 Be7 7. Re1 d6 8. exd6 cxd6 9. Nxd4 0-0 10. Bd5 Nxd4 11. Qxd4 Bf6 12. Qd2 Qb6 13. c3 Bd7 14. Na3 Rae8 15. Rf1 Re7 16. h3 Ne5 17. Qc2 Bc6 18. Be3 Qa6 19. Rad1 b5 20. Qe2 Rb8 21. Nc2 Be8 22. Nb4 Qc8 23. Bxa7 Rxa7 0-1

[Event "BCF-chT3W 2223 (4NCL)"]
[Site "England"]
[Date "2023.05.01"]
[Round "11.14"]
[White "Farrand, Tom"]
[Black "Shephard, Chris CW"]
[Result "1/2-1/2"]
[WhiteElo "2146"]
[BlackElo "2194"]
[PlyCount "55"]
[EventDate "2022.10.22"]
[EventType "team-tourn"]
[EventRounds "11"]
[EventCountry "ENG"]
[SourceTitle "EXT 2024"]
[Source "ChessBase"]
[SourceDate "2023.10.10"]
[SourceVersion "1"]
[SourceVersionDate "2023.10.10"]
[SourceQuality "1"]
[WhiteTeam "Kingston"]
[BlackTeam "Warwicks Select"]
[WhiteTeamCountry "ENG"]
[BlackTeamCountry "ENG"]

1. c4 f5 2. g3 Nf6 3. Bg2 e6 4. Nf3 Be7 5. 0-0 0-0 6. d4 d6 7. Nc3 Qe8 8. b4 c6 9. Qb3 d5 10. a4 Nbd7 11. a5 Ne4 12. b5 dxc4 13. Qxc4 Nxc3 14. Qxc3 cxb5 15. Qb3 Nb8 16. Bf4 a6 17. Ne5 Bf6 18. Rac1 Bxe5 19. Bxe5 Nc6 20. Qc3 Nxe5 21. dxe5 Rf7 22. Rfd1 Rb8 23. Rd6 Bd7 24. Qb3 Rc8 25. Rcd1 Rc7 26. Qe3 Qc8 27. Qb6 Rf8 28. h4 1/2-1/2

[Event "BCF-chT3W 2223 (4NCL)"]
[Site "England"]
[Date "2023.04.29"]
[Round "9.23"]
[White "Shephard, Chris CW"]
[Black "Lyth, John D"]
[Result "1-0"]
[WhiteElo "2194"]
[BlackElo "1901"]
[PlyCount "117"]
[EventDate "2022.10.22"]
[EventType "team-tourn"]
[EventRounds "11"]
[EventCountry "ENG"]
[SourceTitle "EXT 2024"]
[Source "ChessBase"]
[SourceDate "2023.10.10"]
[SourceVersion "1"]
[SourceVersionDate "2023.10.10"]
[SourceQuality "1"]
[WhiteTeam "Warwicks Select"]
[BlackTeam "Manchester Manticores"]
[WhiteTeamCountry "ENG"]
[BlackTeamCountry "ENG"]

1. g3 d5 2. Nf3 Nc6 3. c4 d4 4. d3 g6 5. e4 Bg7 6. Bg2 e5 7. 0-0 Nf6 8. b4 Ne7 9. b5 Nd7 10. a4 0-0 11. Ba3 c5 12. bxc6 bxc6 13. c5 Ba6 14. Qc2 Qc7 15. Nbd2 Rfb8 16. Nc4 Nf8 17. Nd6 Nc8 18. Rfc1 Qd7 19. Nc4 Qc7 20. Bh3 Ne7 21. Nd6 Nc8 22. Nc4 Ne7 23. Qa2 Bc8 24. Bg2 h6 25. Qc2 Be6 26. Nfd2 Nd7 27. Nd6 h5 28. N2c4 Qd8 29. Qd2 Nc8 30. Na5 Ne7 31. Nab7 Qc7 32. Rab1 Nf8 33. Rb2 Qd7 34. Rcb1 Qc7 35. Qc2 Bh6 36. a5 Nh7 37. a6 Rf8 38. Nc4 Bg7 39. Nbd6 Bc8 40. Nxc8 Qxc8 41. Rb7 Qe6 42. Qe2 Ng5 43. h4 Nh7 44. Kh2 Qf6 45. Bc1 Rfd8 46. Bd2 Rf8 47. Qf3 Qxf3 48. Bxf3 Nc8 49. Kg2 Re8 50. Bd1 Bf6 51. Ba4 Ne7 52. Ba5 Kg7 53. Bc7 g5 54. Bxe5 gxh4 55. Bxf6+ Kxf6 56. Nd6 Rg8 57. Bb3 Rg5 58. Nxf7 Rxc5 59. e5+ 1-0

[Event "ENG Chessable-ch Seniors 65+"]
[Site "Kenilworth"]
[Date "2022.05.06"]
[Round "3"]
[White "Shephard, Chris CW"]
[Black "Myall, Ivan J"]
[Result "1-0"]
[WhiteElo "2203"]
[BlackElo "2007"]
[PlyCount "61"]
[EventDate "2022.05.04"]
[EventType "swiss"]
[EventRounds "7"]
[EventCountry "ENG"]
[SourceTitle "CBM 208 Extra"]
[Source "ChessBase"]
[SourceDate "2022.07.31"]
[SourceVersion "1"]
[SourceVersionDate "2022.07.31"]
[SourceQuality "1"]

1. c4 b6 2. Nf3 Bb7 3. g3 Bxf3 4. exf3 e6 5. d4 d5 6. cxd5 exd5 7. Bg2 Bb4+ 8. Nc3 Qe7+ 9. Be3 Bxc3+ 10. bxc3 Nf6 11. 0-0 0-0 12. Re1 Qa3 13. Bg5 Nbd7 14. Qb3 Qd6 15. Bf4 Qc6 16. Bf1 Qb7 17. c4 Rfe8 18. c5 c6 19. a4 Rxe1 20. Rxe1 Re8 21. Rc1 Qa8 22. Bd6 bxc5 23. dxc5 Qc8 24. Qc3 Nf8 25. Rb1 Qf5 26. Rb7 Ne6 27. h4 d4 28. Qb3 g5 29. Bd3 Qh3 30. Qb1 g4 31. Bf1 1-0

[Event "BCF-chT 2122 (4NCL)"]
[Site "England"]
[Date "2022.05.01"]
[Round "8.95"]
[White "Shephard, Chris CW"]
[Black "Graham, David Bruce"]
[Result "1/2-1/2"]
[WhiteElo "2203"]
[BlackElo "2128"]
[PlyCount "51"]
[EventDate "2021.11.27"]
[EventType "team-swiss"]
[EventRounds "11"]
[EventCountry "ENG"]
[SourceTitle "EXT 2023"]
[Source "ChessBase"]
[SourceDate "2022.10.05"]
[SourceVersion "1"]
[SourceVersionDate "2022.10.05"]
[SourceQuality "1"]
[WhiteTeam "Warwicks Select"]
[BlackTeam "Sussex Martlets"]
[WhiteTeamCountry "ENG"]
[BlackTeamCountry "ENG"]

1. c4 c5 2. Nf3 Nf6 3. d4 cxd4 4. Nxd4 g6 5. Nc3 Bg7 6. e4 d6 7. Be2 0-0 8. Be3 Nc6 9. 0-0 Bd7 10. Qd2 Nxd4 11. Bxd4 Bc6 12. f3 Nd7 13. Be3 a5 14. Rac1 a4 15. Rc2 Nc5 16. Rb1 Qa5 17. Bf1 Rfc8 18. Qf2 Qb4 19. Bd2 Qb6 20. b4 axb3 21. axb3 Ra3 22. b4 Na4 23. Be3 Qd8 24. Nd1 Nc3 25. Nxc3 Bxc3 26. Bc1 1/2-1/2

[Event "BCF-chT2a 1920 (4NCL)"]
[Site "Daventry"]
[Date "2020.02.29"]
[Round "1.26"]
[White "Henderson, David"]
[Black "Shephard, Chris CW"]
[Result "1/2-1/2"]
[WhiteElo "2087"]
[BlackElo "2199"]
[PlyCount "141"]
[EventDate "2020.01.11"]
[EventType "team-tourn"]
[EventRounds "11"]
[EventCountry "ENG"]
[SourceTitle "CBM 195 Extra"]
[Source "ChessBase"]
[SourceDate "2020.05.31"]
[SourceVersion "1"]
[SourceVersionDate "2020.05.31"]
[SourceQuality "1"]
[WhiteTeam "North East England"]
[BlackTeam "Warwicks Select"]
[WhiteTeamCountry "ENG"]
[BlackTeamCountry "ENG"]

1. e4 d6 2. g3 c5 3. Bg2 Nc6 4. Ne2 g6 5. 0-0 Bg7 6. c3 e5 7. d3 Nh6 8. h3 0-0 9. Be3 f5 10. Qd2 Nf7 11. Na3 Qe7 12. f4 Bd7 13. Rae1 Rae8 14. Nc2 b6 15. exf5 gxf5 16. fxe5 dxe5 17. d4 cxd4 18. cxd4 f4 19. gxf4 e4 20. d5 Na5 21. Bd4 Nd6 22. Ng3 Qh4 23. Bxg7 Kxg7 24. Nxe4 Nxe4 25. Rxe4 Rxe4 26. Bxe4 Bxh3 27. Rf2 Rg8 28. Bg2 Kf8 29. Ne3 Nb7 30. d6 Nc5 31. d7 Bxd7 32. Qd6+ Qe7 33. Qxe7+ Kxe7 34. Nd5+ Kf7 35. Kh2 Bf5 36. Nc3 Nd3 37. Bd5+ Be6 38. Bxe6+ Kxe6 39. Re2+ Kf5 40. Nd5 Rd8 41. Ne3+ Kxf4 42. Ng2+ Kf3 43. Re7 Nxb2 44. Rxa7 Rd2 45. Rf7+ Ke4 46. Rxh7 Nc4 47. Ra7 Ne3 48. Re7+ Kd4 49. Rd7+ Nd5 50. Kg3 Rd3+ 51. Kf2 Kc5 52. Ra7 Rd2+ 53. Kf3 Nc3 54. Nf4 Nxa2 55. Ke3 Rh2 56. Kd3 Nb4+ 57. Kc3 Kb5 58. Re7 Rc2+ 59. Kb3 Rc5 60. Ne2 Nc6 61. Rd7 Ka6 62. Nc3 Na5+ 63. Kb2 Nc4+ 64. Kb3 Na5+ 65. Kb2 Rh5 66. Re7 Rh2+ 67. Re2 Rh5 68. Re7 Rg5 69. Re6 Rg2+ 70. Re2 Rg3 71. Re4 1/2-1/2

[Event "GBR-ch 65+ 106th"]
[Site "Torquay"]
[Date "2019.07.30"]
[Round "2"]
[White "Skinner, Nicholas H"]
[Black "Shephard, Chris CW"]
[Result "0-1"]
[WhiteElo "1905"]
[BlackElo "2214"]
[PlyCount "150"]
[EventDate "2019.07.29"]
[EventType "swiss"]
[EventRounds "7"]
[EventCountry "ENG"]
[SourceTitle "EXT 2020"]
[Source "ChessBase"]
[SourceDate "2019.10.17"]
[SourceVersion "1"]
[SourceVersionDate "2019.10.17"]
[SourceQuality "1"]

1. d4 d6 2. c4 Nf6 3. Nc3 e5 4. dxe5 dxe5 5. Qxd8+ Kxd8 6. Bg5 Be6 7. 0-0-0+ Nbd7 8. e4 Bc5 9. f3 c6 10. Kc2 Ke8 11. b3 h6 12. Bc1 Ke7 13. Nge2 Rhc8 14. Kb2 a5 15. Ng3 Kf8 16. Bd3 Be7 17. Nf5 Bxf5 18. exf5 Nc5 19. Bc2 Rd8 20. Rhe1 Rxd1 21. Rxd1 a4 22. bxa4 Ne8 23. Be3 Ra5 24. Bxc5 Bxc5 25. Rd7 Nd6 26. Ne4 Nxe4 27. Bxe4 Ra7 28. Kb3 Ke8 29. Rd1 Ke7 30. g4 Ra6 31. Rb1 Kd6 32. Rd1+ Kc7 33. Rb1 Ra8 34. Rd1 Be3 35. Bc2 Ra6 36. Rb1 Bd4 37. Bd3 Ra8 38. Rd1 Kb6 39. Rb1 Kc5 40. h4 Bf2 41. h5 Ra6 42. g5 f6 43. g6 Rb6+ 44. Kc3 Bd4+ 45. Kc2 Rxb1 46. Kxb1 Kb4 47. Kc2 Kxa4 48. Be2 Ka3 49. Kb1 Bb6 50. Bd3 Kb4 51. Kc2 Kc5 52. Kb3 Kd4 53. Be4 Ba5 54. Bc2 Ke3 55. Be4 Kf4 56. Kc2 Kg5 57. Kd1 Kxh5 58. Ke2 Kg5 59. Kf2 Kf4 60. Kg2 Ke3 61. Bc2 Kd2 62. Bb3 Kd3 63. Kg3 Be1+ 64. Kg2 Ke2 65. Bc2 Ke3 66. Bb3 Kd3 67. Kf1 Bb4 68. Kg2 h5 69. Kh3 Be1 70. Kg2 Bb4 71. Kh3 Ke2 72. Kg2 h4 73. Bc2 h3+ 74. Kxh3 Kxf3 75. Bb1 Kf4 0-1

[Event "County-ch final"]
[Site "Kettering"]
[Date "2019.07.13"]
[Round "1.9"]
[White "Shephard, Chris CW"]
[Black "Frostick, Clive A"]
[Result "1-0"]
[WhiteElo "2214"]
[BlackElo "2113"]
[PlyCount "71"]
[EventDate "2019.07.13"]
[EventType "team"]
[EventRounds "1"]
[EventCountry "ENG"]
[SourceTitle "EXT 2020"]
[Source "ChessBase"]
[SourceDate "2019.10.17"]
[SourceVersion "1"]
[SourceVersionDate "2019.10.17"]
[SourceQuality "1"]
[WhiteTeam "Yorkshire"]
[BlackTeam "Surrey CCA"]
[WhiteTeamCountry "ENG"]
[BlackTeamCountry "ENG"]

1. c4 e6 2. Nf3 d5 3. b3 Nf6 4. Bb2 Be7 5. g3 0-0 6. Bg2 b6 7. 0-0 Bb7 8. cxd5 Nxd5 9. d4 Nd7 10. Nbd2 c5 11. Nc4 b5 12. Nce5 Nxe5 13. Nxe5 f6 14. Nf3 Qb6 15. e4 Nb4 16. a3 Nc6 17. dxc5 Bxc5 18. b4 Be7 19. Qb3 Bc8 20. e5 Rb8 21. exf6 Bxf6 22. Rad1 Kh8 23. Rd6 Qc7 24. Rfd1 Be7 25. R6d2 e5 26. h3 e4 27. Nh2 Bf5 28. Nf1 Ne5 29. Ne3 Nc4 30. Nxc4 bxc4 31. Qe3 Rbe8 32. Rd5 Bg6 33. Rd7 Qc6 34. Rxa7 h6 35. Qxh6+ Kg8 36. Qxg7# 1-0

[Event "ENG-ch Seniors 65"]
[Site "Solihull"]
[Date "2019.04.06"]
[Round "5"]
[White "Shephard, Chris CW"]
[Black "Surtees, Michael"]
[Result "1-0"]
[WhiteElo "2190"]
[BlackElo "2087"]
[PlyCount "109"]
[EventDate "2019.04.04"]
[EventType "swiss"]
[EventRounds "6"]
[EventCountry "ENG"]
[SourceTitle "CBM 190 Extra"]
[Source "ChessBase"]
[SourceDate "2019.07.15"]
[SourceVersion "1"]
[SourceVersionDate "2019.07.15"]
[SourceQuality "1"]

1. c4 e6 2. Nf3 g5 3. h3 h6 4. e4 d6 5. d4 Bg7 6. Nc3 Ne7 7. Bd3 a6 8. Ne2 Nbc6 9. Bd2 Ng6 10. Qc2 e5 11. d5 Nd4 12. Nfxd4 exd4 13. 0-0-0 Qe7 14. Kb1 Bd7 15. Rc1 c5 16. g3 0-0-0 17. f4 Rde8 18. Rce1 gxf4 19. gxf4 Nh4 20. Ng3 Nf3 21. Ref1 Nxd2+ 22. Qxd2 h5 23. e5 dxe5 24. f5 Qd8 25. Ne4 Qb6 26. Qg5 Bh6 27. Qxh5 Bc1 28. Qe2 Bf4 29. f6 Kb8 30. h4 Rc8 31. h5 Rh6 32. Rhg1 Bf5 33. Nxc5 Qxc5 34. Bxf5 Qxc4 35. Qxc4 Rxc4 36. Rg8+ Ka7 37. d6 d3 38. d7 d2 39. Rc8 Rd4 40. d8Q Rxd8 41. Rxd8 Rxh5 42. Be4 Kb6 43. Rd7 Kc5 44. Bxb7 Rf5 45. Rxd2 Rxf6 46. Rc2+ Kb6 47. Be4 Rd6 48. Rcf2 Rd4 49. Bc2 Kc5 50. Rd1 Rb4 51. Rd7 f6 52. a3 Rb8 53. Be4 Rh8 54. Rc2+ Kb5 55. Rb7+ 1-0

[Event "ENG-ch Seniors 65"]
[Site "Solihull"]
[Date "2019.04.04"]
[Round "1"]
[White "Shephard, Chris CW"]
[Black "Stimpson, Philip M"]
[Result "1-0"]
[WhiteElo "2190"]
[BlackElo "1933"]
[PlyCount "49"]
[EventDate "2019.04.04"]
[EventType "swiss"]
[EventRounds "6"]
[EventCountry "ENG"]
[SourceTitle "CBM 190 Extra"]
[Source "ChessBase"]
[SourceDate "2019.07.15"]
[SourceVersion "1"]
[SourceVersionDate "2019.07.15"]
[SourceQuality "1"]

1. c4 c5 2. Nf3 Nc6 3. d4 cxd4 4. Nxd4 g6 5. e4 Bg7 6. Be3 e6 7. Nc3 Nge7 8. Be2 0-0 9. 0-0 d5 10. exd5 exd5 11. cxd5 Nb4 12. Bg5 f6 13. Qb3 fxg5 14. d6+ Kh8 15. Qxb4 Nf5 16. Nxf5 Bxf5 17. Rad1 Be5 18. Rd5 Qf6 19. h4 a5 20. Qc5 Rac8 21. Qe3 Bf4 22. hxg5 Qxg5 23. Qd4+ Kg8 24. d7 Qh6 25. g3 1-0

[Event "BCF-chT2a 1819 (4NCL)"]
[Site "England"]
[Date "2019.01.13"]
[Round "4.32"]
[White "Shephard, Chris CW"]
[Black "Rocco, Federico"]
[Result "0-1"]
[WhiteElo "2176"]
[BlackElo "2215"]
[PlyCount "58"]
[EventDate "2018.11.10"]
[EventType "team-tourn"]
[EventRounds "11"]
[EventCountry "ENG"]
[SourceTitle "EXT 2021"]
[Source "ChessBase"]
[SourceDate "2020.10.23"]
[SourceVersion "1"]
[SourceVersionDate "2020.10.23"]
[SourceQuality "1"]
[WhiteTeam "Warwicks Select"]
[BlackTeam "Barnet Knights"]
[WhiteTeamCountry "ENG"]
[BlackTeamCountry "ENG"]

1. c4 c5 2. Nc3 Nc6 3. Nf3 g6 4. g3 Bg7 5. Bg2 e6 6. 0-0 Nge7 7. e3 0-0 8. d4 cxd4 9. exd4 d5 10. cxd5 Nxd5 11. Nxd5 exd5 12. Be3 Qb6 13. Qd2 Be6 14. Rfd1 Rac8 15. Rac1 Qa6 16. Rc3 Rfe8 17. Ra3 Qb6 18. Rb3 Qa5 19. Rxb7 Qxa2 20. Bh6 Rb8 21. Bxg7 Kxg7 22. Rxb8 Rxb8 23. Qc1 Rb6 24. Rd2 Na5 25. Qe1 Nc4 26. Re2 Rxb2 27. Rxb2 Qxb2 28. Bf1 Kg8 29. Ng5 Qd2 0-1

[Event "BCF-ch Seniors 65"]
[Site "Hull"]
[Date "2018.08.01"]
[Round "4"]
[White "Shephard, Chris CW"]
[Black "Jackson, Oliver A"]
[Result "1/2-1/2"]
[WhiteElo "2201"]
[BlackElo "2143"]
[PlyCount "42"]
[EventDate "2018.07.29"]
[EventType "swiss"]
[EventRounds "7"]
[EventCountry "ENG"]
[SourceTitle "CBM 185 Extra"]
[Source "ChessBase"]
[SourceDate "2018.07.29"]
[SourceVersion "1"]
[SourceVersionDate "2018.07.29"]
[SourceQuality "1"]

1. c4 e5 2. Nc3 Nc6 3. Nf3 g6 4. d4 exd4 5. Nxd4 Bg7 6. e3 Nge7 7. Nxc6 Nxc6 8. Bd2 d6 9. Be2 0-0 10. 0-0 Be6 11. Rc1 Ne5 12. b3 c6 13. e4 f5 14. exf5 Bxf5 15. Be3 Qe7 16. Qd2 a6 17. Rfd1 Rad8 18. Bg5 Bf6 19. Bf4 g5 20. Bg3 Kh8 21. Qe3 Rfe8 1/2-1/2

[Event "BCF-ch Seniors 65"]
[Site "Hull"]
[Date "2018.07.31"]
[Round "3"]
[White "Bowmer, Kevin"]
[Black "Shephard, Chris CW"]
[Result "1/2-1/2"]
[WhiteElo "2039"]
[BlackElo "2201"]
[PlyCount "63"]
[EventDate "2018.07.29"]
[EventType "swiss"]
[EventRounds "7"]
[EventCountry "ENG"]
[SourceTitle "CBM 185 Extra"]
[Source "ChessBase"]
[SourceDate "2018.07.29"]
[SourceVersion "1"]
[SourceVersionDate "2018.07.29"]
[SourceQuality "1"]

1. e4 c5 2. Nf3 Nc6 3. d4 cxd4 4. Nxd4 Nf6 5. Nc3 e5 6. Ndb5 d6 7. Bg5 a6 8. Na3 Be6 9. Nc4 Rb8 10. a4 Nb4 11. Be2 Rc8 12. Ne3 Be7 13. 0-0 h6 14. Bxf6 Bxf6 15. Ncd5 Nxd5 16. Nxd5 Bxd5 17. Qxd5 Rxc2 18. Bc4 0-0 19. b3 Qb6 20. Rad1 Be7 21. Rd3 Qb4 22. Rfd1 b5 23. axb5 axb5 24. Qxb5 Qxb5 25. Bxb5 Ra8 26. Bc4 Raa2 27. Rf3 Bf6 28. g3 Rd2 29. Rxd2 Rxd2 30. Rc3 Bd8 31. Rf3 Bf6 32. Rc3 1/2-1/2

[Event "BCF-chT2 1718 (4NCL) Demotion pool"]
[Site "England"]
[Date "2018.05.05"]
[Round "9.85"]
[White "Hughes, Roy"]
[Black "Shephard, Chris CW"]
[Result "0-1"]
[WhiteElo "2034"]
[BlackElo "2200"]
[PlyCount "64"]
[EventDate "2017.11.11"]
[EventType "team-tourn"]
[EventRounds "11"]
[EventCountry "ENG"]
[SourceTitle "EXT 2020"]
[Source "ChessBase"]
[SourceDate "2019.10.17"]
[SourceVersion "1"]
[SourceVersionDate "2019.10.17"]
[SourceQuality "1"]
[WhiteTeam "Barbican Youth"]
[BlackTeam "Warwicks Select"]
[WhiteTeamCountry "ENG"]
[BlackTeamCountry "ENG"]

1. d4 Nf6 2. Nf3 c5 3. d5 d6 4. c4 e5 5. Nc3 g6 6. e4 Bg7 7. h3 Nbd7 8. Bd3 a6 9. 0-0 0-0 10. Be3 Rb8 11. a4 Nh5 12. g3 Qe8 13. Nh4 Qe7 14. Nf5 gxf5 15. Qxh5 f4 16. gxf4 exf4 17. Bxf4 Ne5 18. Be2 f5 19. Bg5 Qd7 20. f4 Nf7 21. Rae1 Nxg5 22. Qxg5 Kh8 23. Kh2 Bf6 24. Qh5 Bd4 25. Bd3 Qg7 26. exf5 Rg8 27. Be4 Bd7 28. Re2 Qg3+ 29. Kh1 Be8 30. Qh6 Bg7 31. Qxd6 Qxh3+ 32. Rh2 Qxf1# 0-1

[Event "BCF-chT2b 1718 (4NCL)"]
[Site "England"]
[Date "2018.02.11"]
[Round "6.74"]
[White "Shephard, Chris CW"]
[Black "Byway, Paul V"]
[Result "1-0"]
[WhiteElo "2197"]
[BlackElo "2062"]
[PlyCount "85"]
[EventDate "2017.11.11"]
[EventType "team-tourn"]
[EventRounds "7"]
[EventCountry "ENG"]
[SourceTitle "EXT 2020"]
[Source "ChessBase"]
[SourceDate "2019.10.17"]
[SourceVersion "1"]
[SourceVersionDate "2019.10.17"]
[SourceQuality "1"]
[WhiteTeam "Warwicks Select"]
[BlackTeam "Poisoned Pawns"]
[WhiteTeamCountry "ENG"]
[BlackTeamCountry "ENG"]

1. c4 Nf6 2. Nf3 e6 3. g3 c5 4. Bg2 Be7 5. 0-0 0-0 6. b3 Nc6 7. Bb2 d5 8. e3 d4 9. exd4 cxd4 10. d3 e5 11. Re1 Nd7 12. a3 a5 13. Nbd2 Nc5 14. Ne4 Nxe4 15. Rxe4 Bf5 16. Re1 Bf6 17. Qc2 Qc7 18. Nd2 Rfe8 19. Ne4 Be7 20. Qe2 Qd7 21. Bc1 Bg4 22. f3 Be6 23. Ng5 Bxg5 24. Bxg5 f6 25. Bd2 Bf5 26. Rec1 Rab8 27. Ra2 b6 28. Be1 Nd8 29. Qd1 Ne6 30. b4 axb4 31. axb4 Rec8 32. Rca1 Ng5 33. h4 Nf7 34. Kh2 Nd6 35. Ra7 Rc7 36. Rxc7 Qxc7 37. Qb3 Be6 38. Bh3 Qd7 39. c5 Bxb3 40. Bxd7 bxc5 41. bxc5 Nb5 42. Rb1 Ba4 43. Rb4 1-0

[Event "BCF-chT2b 1718 (4NCL)"]
[Site "England"]
[Date "2018.01.14"]
[Round "4.64"]
[White "Shephard, Chris CW"]
[Black "Jaunooby, Ali Reza"]
[Result "1/2-1/2"]
[WhiteElo "2202"]
[BlackElo "2200"]
[PlyCount "48"]
[EventDate "2017.11.11"]
[EventType "team-tourn"]
[EventRounds "7"]
[EventCountry "ENG"]
[SourceTitle "EXT 2020"]
[Source "ChessBase"]
[SourceDate "2019.10.17"]
[SourceVersion "1"]
[SourceVersionDate "2019.10.17"]
[SourceQuality "1"]
[WhiteTeam "Warwicks Select"]
[BlackTeam "Manchester Manticores"]
[WhiteTeamCountry "ENG"]
[BlackTeamCountry "ENG"]

1. g3 d5 2. Bg2 e5 3. d3 Nc6 4. Nf3 f6 5. Nbd2 Be6 6. e4 d4 7. a3 Qd7 8. Qe2 0-0-0 9. h4 h5 10. Nh2 g6 11. Ndf3 Nh6 12. Bd2 Nf7 13. Rd1 Be7 14. Bc1 g5 15. Qf1 g4 16. Nd2 Nh6 17. Qe2 Rdg8 18. 0-0 Nd8 19. Rfe1 Ndf7 20. Ndf1 Rh7 21. c4 Nh8 22. Qc2 Ng6 23. b4 Nf7 24. Bd2 Kb8 1/2-1/2

[Event "BCF-chT2b 1718 (4NCL)"]
[Site "England"]
[Date "2017.11.11"]
[Round "1.65"]
[White "Shephard, Chris CW"]
[Black "Moore, Graham J"]
[Result "0-1"]
[WhiteElo "2208"]
[BlackElo "2201"]
[PlyCount "64"]
[EventDate "2017.11.11"]
[EventType "team-tourn"]
[EventRounds "7"]
[EventCountry "ENG"]
[SourceTitle "EXT 2020"]
[Source "ChessBase"]
[SourceDate "2019.10.17"]
[SourceVersion "1"]
[SourceVersionDate "2019.10.17"]
[SourceQuality "1"]
[WhiteTeam "Warwicks Select"]
[BlackTeam "Anglian Avengers"]
[WhiteTeamCountry "ENG"]
[BlackTeamCountry "ENG"]

1. g3 e5 2. Bg2 Nf6 3. c4 c6 4. Nf3 e4 5. Nd4 Qb6 6. Nc2 d5 7. 0-0 h5 8. d3 h4 9. Be3 Bc5 10. Bxc5 Qxc5 11. b4 Qe7 12. cxd5 hxg3 13. fxg3 Bh3 14. Bxh3 Rxh3 15. dxe4 Qxe4 16. Nc3 Qh7 17. Qd3 Rxh2 18. Qxh7 Rxh7 19. Rad1 Rh5 20. Ne3 Nbd7 21. dxc6 bxc6 22. Nf5 Kf8 23. Rd6 Rc8 24. e4 g6 25. Ne3 Ke7 26. Nc4 Rch8 27. Rxc6 Ng4 28. Nd5+ Kd8 29. Rxf7 Rh1+ 30. Kg2 R8h2+ 31. Kf3 Nge5+ 32. Ke3 Re1+ 0-1

[Event "BCF-ch Seniors 65"]
[Site "Llandudno"]
[Date "2017.08.04"]
[Round "6"]
[White "Friedgood, David"]
[Black "Shephard, Chris CW"]
[Result "1/2-1/2"]
[WhiteElo "2216"]
[BlackElo "2192"]
[PlyCount "51"]
[EventDate "2017.07.30"]
[EventType "swiss"]
[EventRounds "7"]
[EventCountry "WLS"]
[SourceTitle "CBM 179 Extra"]
[Source "ChessBase"]
[SourceDate "2017.08.23"]
[SourceVersion "1"]
[SourceVersionDate "2017.08.23"]
[SourceQuality "1"]

1. Nf3 d5 2. c4 e6 3. g3 Nf6 4. Bg2 Be7 5. 0-0 0-0 6. b3 c5 7. e3 Nc6 8. Bb2 b6 9. d3 Bb7 10. Qe2 Rc8 11. Nbd2 Qc7 12. Ne1 dxc4 13. bxc4 Nb4 14. Bxb7 Qxb7 15. f4 Rcd8 16. e4 Nc6 17. e5 Ne8 18. Ne4 Nd4 19. Bxd4 Rxd4 20. Nf3 Rd8 21. Rab1 Qd7 22. Rb3 f5 23. exf6 gxf6 24. Re1 Ng7 25. Nf2 Bd6 26. Ng4 1/2-1/2